Jala Brat and Buba Corelli Song to Album - Statistics

General Stats
  • This quiz has been taken 22 times
    18 since last reset
  • The average score is 12 of 26
Answer Stats
Hint Answer % Correct
Vrati je tati Goat Season (Final Chapter)
88%
Blur Goat Season (Final Chapter)
81%
Cataleya Goat Season (Part Two)
81%
Munja Goat Season (Part Two)
81%
Japan Goat Season (Part Two)
75%
La Martina Kruna
69%
Pleši Pakt s Djavolom
69%
Ultimatum Alfa & Omega
56%
Usta na usta Alfa & Omega
56%
Restart Kruna
56%
Hladnokrvna ubica Pakt s Djavolom
56%
Bebi Alfa & Omega
50%
Hakimi Goodfellas
50%
To me radi Other
50%
Desole Goodfellas
44%
Karantin Other
38%
Gori more Other
31%
Gabriela Sabatini SA Sin City
31%
Pada magla Other
25%
Dižite upaljače Replay
25%
Dobar umire mlad Other
19%
Criminal Alfa & Omega 2.0
13%
Neću stat Replay
13%
Svaki dan Riječ na Riječ
13%
Geto ili Metropola Riječ na Riječ
13%
Kroz Noć Replay
6%
No matching quizzes found
Score Distribution
Percent of People with Each Score
Percentile by Number Answered
Your Score History
You have not taken this quiz since the last reset